1899 1368 1504 1938 1280 1986 1161 1677 1959 1578 1818 1502 1871 1870 1556 1343 1101 1336 1272 1331 1510 1114 1920 1678 1607 1275 1599 1477 1948 1468 1135 1959 1522 1842 1569 1347 1491 1750 1253 1288 1683 1284 1339 1750 1108 1791 1028 1480 1043 1346 1495 1691 1155 1396 1869 1268 1247 1833 1313 1874 1800 1664 1413 1379 1465 1068 1419 1946 1201 1983 1025 1621 1803 1859 1035 1538 1396 1663 1345 1264 1768 1771 1093 1760 1057 1364 1994 1355 1438 1913 1946 1308 1652 1149 1013 1808 1748 1967 1295 BCNSPRNW ULIB Ver.6.0+V

เปลี่ยนเป็นภาษาไทย

Change to English
 แสดงรายละเอียดบรรณานุกรม
  กลับหน้าหลัก

Brief Record : Get Marc (ISO 2709) : E-mail record : QR code < ปิดหน้าต่าง
LEADER : 00000nam 2200000uu 4500
001    13399124508
003     ULIB
008    150817s2556 th a 000 0 tha d
020    9789749804279
020    9789749804278
090    นว.^bล158ป ล.8
100    ล่อร่า อิงกัลล์ส์ ไวล์เดอร์;^eผู้แต่ง
245    ปีทองอันแสนสุข/^cล่อร่า อิงกัลล์ส์ ไวล์เดอร์. ; เขียน ,สุคนธรส. ; แปล
250    พิมพ์ครั้งที่ 9
260    กรุงเทพฯ :^bแพรวเยาวชน,^c2556
300    322 หน้า;^b18.5 ซม.
500    หนังสือชุดบ้านเล็ก
700    สุคนธรส ;^eแปล
945    ^p235^l0^i039779
999    ^aทศพร
รายการนี้ยังไม่มีแท็ก
คุณยังไม่ได้ล็อกอิน คุณสามารถมีกิจกรรมร่วมกับเว็บไซต์ได้ แต่ต้องล็อกอินก่อน ::
  ล็อกอิน

รายการสื่อสารสนเทศ

ลำดับที่ ประเภท เลขเรียก/บาร์โค้ด สถานที่ สถานะ
1. นวนิยาย
นวนิยาย
นว. ล158ป ล.8 ฉ.1 
  Barcode: 039779
ห้องสมุดวิทยาเขตสวรรค์ประชารักษ์
►นวนิยาย
บนชั้น
  ขอยืม

BibComment


ยังไม่เคยถูกคอมเมนท์

คอมเมนท์ทรัพยากรรายการนี้
  คอมเมนท์: ปีทองอันแสนสุข ล่..


 Copyright 2026. Bcnsprnw @Library